| 000 | 00511nam a22001937a 4500 | ||
|---|---|---|---|
| 003 | OSt | ||
| 005 | 20161208144727.0 | ||
| 008 | 161208b xxu||||| |||| 00| 0 eng d | ||
| 020 | _a0721693873 | ||
| 040 | _cDDC. | ||
| 082 | _aWU190P56 2003. | ||
| 100 |
_aAnusavice,J.Keneth; _911366 |
||
| 245 | _aPhillips' science of Dental Materials. | ||
| 260 |
_aMissouri; _bSaunders. _c2003. |
||
| 300 |
_axxv,805p; _bill; _c26cm. |
||
| 504 | _aincludes index. | ||
| 650 |
_aDental science. _911367 |
||
| 942 |
_2ddc _cO_SHELF |
||
| 999 |
_c5439 _d5439 |
||